[Event "Mostoles op 12th"]
[Site "Mostoles"]
[Date "2023.07.28"]
[Round "6"]
[White "Serna Lopez, Alejandro"]
[Black "Garcia Ruiz Fuentes, Angel Marcos"]
[Result "1-0"]
[WhiteElo "1554"]
[BlackElo "1971"]
[PlyCount "109"]
[EventDate "2023.07.23"]
[EventType "swiss"]
[EventRounds "8"]
[EventCountry "ESP"]
[SourceTitle "CBM 215 Extra"]
[Source "ChessBase"]
[SourceDate "2023.09.30"]
[SourceVersion "1"]
[SourceVersionDate "2023.09.30"]
[SourceQuality "1"]

1. Nf3 Nf6 2. g3 g6 3. Bg2 Bg7 4. 0-0 0-0 5. d3 d6 6. e4 c5 7. Nbd2 Nc6 8. c3 Qc7 9. a4 a6 10. Nc4 b6 11. Re1 Rb8 12. h3 b5 13. Ne3 e6 14. Bd2 b4 15. Nc4 bxc3 16. bxc3 Na5 17. Nxa5 Qxa5 18. c4 Qc7 19. Bc3 Nd7 20. Qd2 Bxc3 21. Qxc3 e5 22. a5 Bb7 23. Reb1 Bc6 24. h4 Rb7 25. Rxb7 Qxb7 26. Nd2 Rb8 27. Rb1 Qc7 28. Rxb8+ Qxb8 29. Bh3 Nf8 30. f4 f6 31. Qb3 Qb4 32. Qxb4 cxb4 33. Bc8 Ba4 34. Bxa6 Ne6 35. Bb5 Bc2 36. a6 Nc7 37. a7 Bxd3 38. Bc6 Bc2 39. a8Q+ Nxa8 40. Bxa8 b3 41. Bd5+ Kg7 42. c5 dxc5 43. Nxb3 Bxb3 44. Bxb3 exf4 45. gxf4 Kh6 46. Bd1 g5 47. fxg5+ fxg5 48. hxg5+ Kxg5 49. Kf2 Kf4 50. Bf3 h5 51. Ke2 h4 52. Bh1 h3 53. Kd3 h2 54. Kc4 Kg3 55. e5 1-0

[Event "Daventry 4NCL Easter op-A 3rd"]
[Site "Daventry"]
[Date "2023.04.09"]
[Round "4"]
[White "Garcia Ruiz Fuentes, Angel Marcos"]
[Black "Madhavan, Sanjith1"]
[Result "0-1"]
[WhiteElo "2078"]
[BlackElo "1961"]
[PlyCount "54"]
[EventDate "2023.04.07"]
[EventType "swiss"]
[EventRounds "7"]
[EventCountry "ENG"]
[SourceTitle "CBM 213 Extra"]
[Source "ChessBase"]
[SourceDate "2023.05.31"]
[SourceVersion "1"]
[SourceVersionDate "2023.05.31"]
[SourceQuality "1"]

1. d4 Nf6 2. c4 g6 3. Nc3 Bg7 4. e4 d6 5. f4 0-0 6. Nf3 c5 7. d5 e6 8. Be2 exd5 9. cxd5 Re8 10. e5 dxe5 11. fxe5 Ng4 12. e6 fxe6 13. d6 Bd7 14. 0-0 Qb6 15. Bc4 Nc6 16. a4 Nge5 17. Nxe5 Nxe5 18. Be2 Rf8 19. Ra3 c4+ 20. Kh1 Bc6 21. Nb5 Bxb5 22. Be3 Qc6 23. axb5 Qxb5 24. Bd4 Qd5 25. Bc3 Rxf1+ 26. Qxf1 Rf8 27. Qe1 Nd3 0-1

[Event "Daventry 4NCL Easter op-A 3rd"]
[Site "Daventry"]
[Date "2023.04.08"]
[Round "3"]
[White "Liu, Jason1"]
[Black "Garcia Ruiz Fuentes, Angel Marcos"]
[Result "1/2-1/2"]
[WhiteElo "1965"]
[BlackElo "2078"]
[PlyCount "62"]
[EventDate "2023.04.07"]
[EventType "swiss"]
[EventRounds "7"]
[EventCountry "ENG"]
[SourceTitle "CBM 213 Extra"]
[Source "ChessBase"]
[SourceDate "2023.05.31"]
[SourceVersion "1"]
[SourceVersionDate "2023.05.31"]
[SourceQuality "1"]

1. e4 c5 2. Nf3 Nc6 3. d4 cxd4 4. Nxd4 Nf6 5. Nc3 e5 6. Ndb5 d6 7. Bg5 a6 8. Na3 b5 9. Nd5 Be7 10. Bxf6 Bxf6 11. c3 0-0 12. Nc2 Bg5 13. a4 bxa4 14. Rxa4 a5 15. Bc4 Rb8 16. b3 Kh8 17. Nce3 Be6 18. 0-0 g6 19. Kh1 f5 20. exf5 gxf5 21. f4 Bh6 22. Qh5 Bg7 23. Nb4 Bd7 24. Nxc6 Bxc6 25. Raa1 Be4 26. fxe5 f4 27. Nd5 dxe5 28. Rad1 Bg6 29. Qg4 Bf5 30. Qh5 Bg6 31. Qg4 Bf5 1/2-1/2

[Event "Blackpool op 46th"]
[Site "Blackpool"]
[Date "2023.02.11"]
[Round "2"]
[White "Garcia Ruiz Fuentes, Angel Marcos"]
[Black "Fajfer, Bartosz"]
[Result "0-1"]
[WhiteElo "2063"]
[BlackElo "1929"]
[PlyCount "72"]
[EventDate "2023.02.10"]
[EventType "swiss"]
[EventRounds "5"]
[EventCountry "ENG"]
[SourceTitle "EXT 2024"]
[Source "ChessBase"]
[SourceDate "2023.10.10"]
[SourceVersion "1"]
[SourceVersionDate "2023.10.10"]
[SourceQuality "1"]

1. d4 d5 2. c4 c6 3. Nc3 Nf6 4. cxd5 cxd5 5. f3 Nc6 6. e4 e6 7. e5 Nd7 8. f4 Be7 9. Nf3 f6 10. Be3 a6 11. Rc1 Na5 12. Rc2 b5 13. Bd3 Nc4 14. Bc1 Qb6 15. Re2 f5 16. 0-0 Nb8 17. b3 Na3 18. Bb2 Bd7 19. Qc1 b4 20. Bxa3 bxa3 21. Bxf5 Nc6 22. Bb1 Nxd4 23. Nxd4 Qxd4+ 24. Kh1 Rc8 25. Rc2 0-0 26. Ne2 Qb6 27. Qd2 Bc5 28. Qd3 Bb5 29. Qh3 g6 30. Qg4 Be3 31. Rxc8 Rxc8 32. h4 Bxe2 33. Qxe2 Rc1 34. h5 Rxf1+ 35. Qxf1 gxh5 36. Qd3 Qa7 0-1

[Event "Madrid Alcorcon op 1st"]
[Site "Madrid"]
[Date "2022.12.28"]
[Round "6"]
[White "Garcia Ruiz Fuentes, Angel Marcos"]
[Black "Horcajuelo Rocamora, Martin"]
[Result "1/2-1/2"]
[WhiteElo "2080"]
[BlackElo "2184"]
[PlyCount "48"]
[EventDate "2022.12.26"]
[EventType "swiss"]
[EventRounds "9"]
[EventCountry "ESP"]
[SourceTitle "CBM 212 Extra"]
[Source "ChessBase"]
[SourceDate "2023.03.31"]
[SourceVersion "1"]
[SourceVersionDate "2023.03.31"]
[SourceQuality "1"]

1. f4 d5 2. Nf3 c5 3. e3 Nf6 4. b3 Nc6 5. Bb5 Qb6 6. Bxc6+ Qxc6 7. Ne5 Qc7 8. Bb2 g6 9. h3 h5 10. d3 Bg7 11. Nd2 b6 12. Ndf3 Nh7 13. Qe2 Nf8 14. Nd2 f6 15. Nef3 e5 16. 0-0 Qe7 17. Qf2 e4 18. dxe4 dxe4 19. Nh4 Ba6 20. Rfd1 f5 21. Bxg7 Qxg7 22. c4 Ke7 23. Rac1 Ne6 24. Qg3 Kf6 1/2-1/2

[Event "Madrid San Viator op 23rd"]
[Site "Madrid"]
[Date "2014.10.26"]
[Round "5"]
[White "Yeves Miquel, Enrique"]
[Black "Garcia Ruiz Fuentes, Angel Marcos"]
[Result "0-1"]
[WhiteElo "1705"]
[BlackElo "2062"]
[PlyCount "38"]
[EventDate "2014.09.28"]
[EventType "swiss"]
[EventRounds "9"]
[EventCountry "ESP"]
[SourceTitle "EXT 2016"]
[Source "ChessBase"]
[SourceDate "2015.10.08"]
[SourceVersion "1"]
[SourceVersionDate "2015.10.08"]
[SourceQuality "1"]

1. d4 Nf6 2. c4 c5 3. d5 e6 4. Nc3 exd5 5. cxd5 d6 6. e4 g6 7. Nf3 a6 8. a4 Bg7 9. h3 Nbd7 10. Bd3 Nh5 11. 0-0 Ne5 12. Be2 Nxf3+ 13. Bxf3 Qh4 14. Bxh5 gxh5 15. Qd3 Rg8 16. Kh2 Bd4 17. Be3 Rxg2+ 18. Kxg2 Bxh3+ 19. Kg1 Qg4+ 0-1

[Event "Madrid San Viator op 22nd"]
[Site "Madrid"]
[Date "2014.05.18"]
[Round "7"]
[White "Renteria Becerra, Jorge Elicer"]
[Black "Garcia Ruiz Fuentes, Angel Marcos"]
[Result "1-0"]
[WhiteElo "2299"]
[BlackElo "2025"]
[PlyCount "63"]
[EventDate "2014.03.23"]
[EventType "swiss"]
[EventRounds "9"]
[EventCountry "ESP"]
[SourceTitle "EXT 2015"]
[Source "ChessBase"]
[SourceDate "2014.11.20"]
[SourceVersion "1"]
[SourceVersionDate "2014.11.20"]
[SourceQuality "1"]

1. d4 Nf6 2. c4 g6 3. Nc3 Bg7 4. e4 0-0 5. h3 d6 6. Be3 e5 7. d5 a5 8. Nf3 Na6 9. Be2 Nc5 10. Qc2 Bd7 11. g4 Qe7 12. Nd2 Ne8 13. h4 f5 14. gxf5 gxf5 15. 0-0-0 f4 16. Bxc5 dxc5 17. Rdg1 Nd6 18. Qd3 a4 19. a3 Kh8 20. Bg4 b5 21. Bxd7 Qxd7 22. cxb5 c4 23. Nxc4 Nxb5 24. Rxg7 Qxg7 25. Nxb5 Qg2 26. Rf1 Rab8 27. Nc3 Rg8 28. Nxe5 Rg3 29. Qe2 Rb3 30. Re1 Rg8 31. Qd2 Qg7 32. Nc6 1-0

[Event "Madrid San Viator op 22nd"]
[Site "Madrid"]
[Date "2014.04.06"]
[Round "3"]
[White "Uceda Martinez, Jacinto"]
[Black "Garcia Ruiz Fuentes, Angel Marcos"]
[Result "0-1"]
[WhiteElo "1822"]
[BlackElo "2025"]
[PlyCount "80"]
[EventDate "2014.03.23"]
[EventType "swiss"]
[EventRounds "9"]
[EventCountry "ESP"]
[SourceTitle "EXT 2015"]
[Source "ChessBase"]
[SourceDate "2014.11.20"]
[SourceVersion "1"]
[SourceVersionDate "2014.11.20"]
[SourceQuality "1"]

1. d4 Nf6 2. c4 c5 3. d5 b5 4. b3 g6 5. Bb2 bxc4 6. Bxf6 exf6 7. bxc4 Bg7 8. Nd2 f5 9. Rc1 0-0 10. Ngf3 d6 11. g3 Nd7 12. Bg2 Qa5 13. Rc2 Rb8 14. 0-0 Rb4 15. Nb3 Qa4 16. Qc1 Ba6 17. Nbd2 Rfb8 18. Re1 Rb2 19. Rxb2 Bxb2 20. Qd1 Qxa2 21. e4 fxe4 22. Nxe4 Rb6 23. Bh3 Nf6 24. Qe2 Qxc4 25. Nxf6+ Bxf6 26. Qe8+ Kg7 27. Bg2 Qb5 28. Qe3 Qd3 29. Qf4 Rb1 30. h4 Be5 31. Qe3 Qxe3 32. fxe3 Rxe1+ 33. Nxe1 Bxg3 34. Nf3 f6 35. Bh3 Bb5 36. Kg2 Be5 37. Kf2 a5 38. Nd2 a4 39. Bg4 a3 40. Bd1 a2 0-1

[Event "Madrid San Viator op 21st"]
[Site "Madrid"]
[Date "2013.10.06"]
[Round "2"]
[White "Lianes Garcia, Marcos"]
[Black "Garcia Ruiz Fuentes, Angel Marcos"]
[Result "1/2-1/2"]
[WhiteElo "1775"]
[BlackElo "2042"]
[PlyCount "94"]
[EventDate "2013.09.29"]
[EventType "swiss"]
[EventRounds "9"]
[EventCountry "ESP"]
[SourceTitle "EXT 2015"]
[Source "ChessBase"]
[SourceDate "2014.11.20"]
[SourceVersion "1"]
[SourceVersionDate "2014.11.20"]
[SourceQuality "1"]

1. d4 Nf6 2. c4 c5 3. d5 b5 4. cxb5 a6 5. b6 Qxb6 6. Nc3 d6 7. e4 g6 8. h3 Bg7 9. Nf3 0-0 10. Bd3 e6 11. 0-0 exd5 12. exd5 Bb7 13. Bc4 Nbd7 14. Rb1 Qb4 15. Qd3 Rfe8 16. a3 Qb6 17. Be3 Qc7 18. Rfe1 Nb6 19. b3 Bc8 20. Nh4 Nfd7 21. Bf4 Ne5 22. Bxe5 Rxe5 23. Rxe5 Bxe5 24. Rd1 Qe7 25. Nf3 Bf5 26. Qd2 Bf6 27. Re1 Qd7 28. Ne4 Bxe4 29. Rxe4 Nxc4 30. Rxc4 Qb5 31. Qc2 Rb8 32. Nd2 Bg5 33. Ne4 Be7 34. Nd2 Bf6 35. g3 Bd4 36. Kg2 Kg7 37. b4 a5 38. bxc5 dxc5 39. Nf3 Rd8 40. Nxd4 cxd4 41. Rxd4 Rxd5 42. Rxd5 Qxd5+ 43. Kg1 Qe5 44. a4 h5 45. h4 Qd4 46. Kg2 Kh7 47. Kg1 Kg7 1/2-1/2

[Event "Madrid San Viator op 20th"]
[Site "Madrid"]
[Date "2013.06.09"]
[Round "9"]
[White "Garcia Ruiz Fuentes, Angel Marcos"]
[Black "Cabanas Bravo, Juan Andres"]
[Result "1-0"]
[WhiteElo "1952"]
[BlackElo "2103"]
[PlyCount "127"]
[EventDate "2013.04.07"]
[EventType "swiss"]
[EventRounds "9"]
[EventCountry "ESP"]
[SourceTitle "EXT 2014"]
[Source "ChessBase"]
[SourceDate "2013.11.20"]
[SourceVersion "1"]
[SourceVersionDate "2013.11.20"]
[SourceQuality "1"]

1. e4 e5 2. Nf3 Nc6 3. Bb5 a6 4. Ba4 Nf6 5. Qe2 b5 6. Bb3 Bc5 7. d3 d6 8. c3 h6 9. Be3 Ba7 10. Nbd2 0-0 11. Nf1 Ne7 12. Ng3 c5 13. h3 Qc7 14. Nh4 d5 15. Qf3 c4 16. Bxa7 Rxa7 17. Bc2 d4 18. cxd4 exd4 19. 0-0 Qe5 20. Qd1 Qf4 21. Nf3 Nc6 22. Ne2 Qc7 23. Nexd4 cxd3 24. Nxc6 Qxc6 25. Qxd3 Rd7 26. Qe2 Bb7 27. Ne5 Qe6 28. Nxd7 Nxd7 29. Rfe1 Re8 30. Bb3 Qg6 31. Qg4 Qxg4 32. hxg4 Rxe4 33. Rxe4 Bxe4 34. Rd1 Nc5 35. Rd8+ Kh7 36. Bxf7 Na4 37. b3 Nc3 38. Bg8+ Kg6 39. Rd6+ Kg5 40. Rxa6 Bd3 41. f3 Kf4 42. Kh2 Ke3 43. Ra7 Kf2 44. Rd7 Bb1 45. b4 g5 46. Bb3 Ne2 47. Rd2 Ke3 48. Rxe2+ Kxe2 49. a4 bxa4 50. Bxa4 Kd3 51. Bc6 Kc4 52. b5 Kc5 53. Kg3 Bc2 54. Kf2 Ba4 55. Be8 Bb3 56. Bc6 Ba4 57. Ke3 Bd1 58. Ke4 Be2 59. Kf5 Bd3+ 60. Kf6 Bf1 61. Kg7 Bxg2 62. Kxh6 Kd6 63. Kxg5 Bf1 64. Kf6 1-0

[Event "Madrid San Viator op 20th"]
[Site "Madrid"]
[Date "2013.04.21"]
[Round "3"]
[White "Garcia Ruiz Fuentes, Angel Marcos"]
[Black "Perez, Alvaro"]
[Result "1/2-1/2"]
[WhiteElo "1952"]
[BlackElo "1836"]
[PlyCount "106"]
[EventDate "2013.04.07"]
[EventType "swiss"]
[EventRounds "9"]
[EventCountry "ESP"]
[SourceTitle "EXT 2014"]
[Source "ChessBase"]
[SourceDate "2013.11.20"]
[SourceVersion "1"]
[SourceVersionDate "2013.11.20"]
[SourceQuality "1"]

1. e4 e6 2. d4 d5 3. Nc3 Bb4 4. a3 Bxc3+ 5. bxc3 dxe4 6. Qg4 Nf6 7. Qxg7 Rg8 8. Qh6 Rg6 9. Qd2 Bd7 10. Ne2 Rg8 11. Ng3 Bc6 12. Bc4 Nbd7 13. 0-0 Nb6 14. Be2 Qd5 15. f3 0-0-0 16. fxe4 Nxe4 17. Nxe4 Qxe4 18. Bf3 Qg6 19. Bxc6 bxc6 20. Rf2 Kd7 21. Qd3 Qxd3 22. cxd3 f5 23. Bd2 Na4 24. Rb1 Rb8 25. Rb4 Nb6 26. c4 a5 27. Rb2 a4 28. Rf3 Rbf8 29. Bb4 Rf7 30. Bc5 Rb8 31. Rb4 Rg7 32. Re3 Rbg8 33. Re2 Rb8 34. Reb2 Rg4 35. h3 Rh4 36. Kf2 Rf4+ 37. Ke3 Rf1 38. Bxb6 Rxb6 39. Rxb6 cxb6 40. Rxb6 Ra1 41. Rb7+ Kc8 42. Rxh7 Rxa3 43. g4 Ra1 44. gxf5 exf5 45. Ra7 a3 46. d5 cxd5 47. cxd5 a2 48. Kd4 f4 49. d6 f3 50. d7+ Kd8 51. Kd5 Rd1 52. Rxa2 Rxd3+ 53. Ke6 Re3+ 1/2-1/2

[Event "Madrid-ch sf-B"]
[Site "Madrid"]
[Date "2013.03.22"]
[Round "6"]
[White "Dominguez Alfara, Miguel"]
[Black "Garcia Ruiz Fuentes, Angel Marcos"]
[Result "1/2-1/2"]
[WhiteElo "1842"]
[BlackElo "1952"]
[PlyCount "72"]
[EventDate "2013.03.07"]
[EventType "swiss"]
[EventRounds "9"]
[EventCountry "ESP"]
[SourceTitle "CBM 153 Extra"]
[Source "ChessBase"]
[SourceDate "2013.04.22"]
[SourceVersion "1"]
[SourceVersionDate "2013.04.22"]
[SourceQuality "1"]

1. d4 Nf6 2. Nf3 c5 3. e3 g6 4. Be2 Bg7 5. 0-0 0-0 6. c4 cxd4 7. exd4 d5 8. c5 Nc6 9. Nc3 Ne4 10. Be3 Bg4 11. h3 Be6 12. a3 Nxc5 13. dxc5 d4 14. Nxd4 Nxd4 15. Bd3 Rc8 16. Be4 Qd7 17. Qa4 Ne2+ 18. Kh1 Nxc3 19. Qxd7 Bxd7 20. bxc3 Bc6 21. Bxc6 Rxc6 22. Rab1 Rc7 23. Rb3 f5 24. f4 Rd8 25. Rfb1 Rdd7 26. Kg1 e6 27. Kf2 Bf8 28. Bd4 a6 29. Be5 Bxc5+ 30. Ke2 Bd6 31. Bxd6 Rxd6 32. Rxb7 Rxc3 33. Ra7 Rc2+ 34. Ke3 Rc3+ 35. Ke2 Rc2+ 36. Ke3 Rc3+ 1/2-1/2

[Event "Madrid-ch sf-B"]
[Site "Madrid"]
[Date "2013.03.09"]
[Round "3"]
[White "Garcia Ruiz Fuentes, Angel Marcos"]
[Black "Plazuelo Pascual, Juan"]
[Result "1/2-1/2"]
[WhiteElo "1952"]
[BlackElo "1872"]
[PlyCount "65"]
[EventDate "2013.03.07"]
[EventType "swiss"]
[EventRounds "9"]
[EventCountry "ESP"]
[SourceTitle "CBM 153 Extra"]
[Source "ChessBase"]
[SourceDate "2013.04.22"]
[SourceVersion "1"]
[SourceVersionDate "2013.04.22"]
[SourceQuality "1"]

1. e4 c6 2. d4 d5 3. exd5 cxd5 4. Bd3 Nc6 5. c3 Nf6 6. Bf4 Bg4 7. Qb3 Qc8 8. Nd2 e6 9. Ngf3 Be7 10. 0-0 0-0 11. Qc2 Bh5 12. Ne5 b5 13. a4 b4 14. Nxc6 Qxc6 15. c4 dxc4 16. Nxc4 Rfd8 17. Be5 Bg6 18. b3 Ng4 19. Bxg6 hxg6 20. h3 Nxe5 21. dxe5 Rd5 22. Qe2 Rad8 23. Rfd1 Bc5 24. Kf1 Qd7 25. Re1 Rd3 26. Rab1 Qd5 27. Qe4 Qd4 28. Qxd4 R8xd4 29. Ke2 Rc3 30. Rb2 Re4+ 31. Kf1 Rd4 32. Ke2 Re4+ 33. Kf1 1/2-1/2